| 000 | 00897nas a2200289 4500 | ||
|---|---|---|---|
| 001 | BR0304922 | ||
| 003 | BR-BrBNA | ||
| 005 | 20231205104122.0 | ||
| 007 | ta | ||
| 008 | 230509b bl.|||p| |||| 00| 00por d | ||
| 040 |
_aBR-BrBNA _bpor _cBiblioteca Nacional de Agricultura |
||
| 041 | _a(En) | ||
| 072 | _aL70 | ||
| 100 | 1 | _aNunes, N. | |
| 100 | 1 | _aMartins, S.E.C. | |
| 100 | 1 | _aSantos, P.S.P. | |
| 100 | 1 | _aRezende, M.L. | |
| 245 | 1 | _aEffects of desflurane, sevoflurane and isoflurance on pulmonary shunt in dogs during spontaneous ventilation | |
| 650 | _aCÃO | ||
| 650 | _aPULMÃO | ||
| 650 | _aRESPIRAÇÃO | ||
| 650 | _aANESTESIA | ||
| 650 | _aBIOQUÍMICA ANIMAL | ||
| 773 | 0 |
_tArquivo Brasileiro de Medicina Veterinária e Zootecnia (Brazil) _xISSN 0102-0935 _g(Apr 2003), v. 55(2) p. 173-177 _wBR0304922 |
|
| 909 |
_a202311 _bLúcia _c55 _dLúcia Elande |
||
| 942 |
_2AGRIS _n0 _cANA |
||
| 999 |
_c176470 _d176470 |
||